| 000 | 01921cam a2200541 4500 | ||
|---|---|---|---|
| 003 | PE-LiUPU | ||
| 005 | 20250731180151.0 | ||
| 020 | _a8480214171 | ||
| 035 | _a(Sirsi) i9788480214179 | ||
| 035 | _a(Sirsi) 50270 | ||
| 035 | _a(Sirsi) 50270 | ||
| 041 | _aes | ||
| 044 | _aes | ||
| 082 | 0 | 4 |
_a551.480727 _bG8 |
| 245 |
_aGeoestadística y modelos matemáticos en hidrogeología / _cJorge Mateu ; Ignacio Morell editores. |
||
| 264 | 1 |
_aCastelló de Plana : _bUniversitat Jaume, _c2003 |
|
| 300 |
_a311 páginas : _bilustraciones ; _c24 cm. |
||
| 490 | 0 |
_aCol-lecció Medi ambient _v1 |
|
| 505 | 0 | _aAnálisis geoestadístico de la función de distribución local y su aplicación en recursos hídricos -- El cambio de escala en medios heterogéneos -- Casos reales de estudio y ejemplos de utilización de técnicas estadísticas y geoestadíst | |
| 526 | _aSEG44 | ||
| 526 | _aSEG26 | ||
| 526 | _aP159 | ||
| 526 | _aP155 | ||
| 526 | _aP154 | ||
| 526 | _aP153 | ||
| 526 | _aP150 | ||
| 526 | _aP100 | ||
| 526 | _aP31 | ||
| 526 | _aP30 | ||
| 526 | _aP26 | ||
| 526 | _aP25 | ||
| 526 | _aP24 | ||
| 526 | _aP22 | ||
| 526 | _aP15 | ||
| 526 | _aP10 | ||
| 650 | 1 | 4 |
_aHidrogeología _xMétodos estadísticos |
| 650 | 1 | 4 |
_aHidrogeología _xModelos matemáticos |
| 650 | 1 | 4 |
_aGeología _xMétodos estadísticos |
| 700 | 1 |
_aMateu, Jorge _d1969- _eed. |
|
| 700 | 1 |
_aMorell Evangelista, Ignacio _eed. |
|
| 859 |
_q67308 _h551.480727 _iG8 |
||
| 910 |
_agl _b _cng _d20120528 |
||
| 942 |
_2ddc _cBOOK |
||
| 949 |
_a551.480727 G8 _i67308 _lCCODEBUL1 _mBUL _tLIBRO _o.STAFF. Colección General |
||
| 596 | _a1 | ||
| 999 |
_a551.480727 G8 _wDEWEY _c54897 _i67308 _f2021-11-9 _g7 _lCCODEBUL1 _mBUL _p38.00 _r0 _sN _tBOOK _u2015-7-6 _xINGENIERIA _PP25 _0COMPRA _o.STAFF. Colección General _d54897 |
||
| 980 |
_81 _gALBERTO SANCHEZ Responsable de Automatización |
||